000 00560nam a22001697a 4500
003 UA-OsUOA
001 12529
007 ta
008 20050523b un ||||| |||| 00| 0 ukr d
942 _cSA
040 _aUA-OsUOA
_cUA-OsUOA
_dUA-OsUOA
245 _aУмови й оплата праці працівників закладів і установ освіти : [Відповіді на запитання]
300 _aС.14 - 15
955 _a0
773 0 _w0
_tПраця і зарплата
_dКиїв
_d2005
_g№19
650 7 _aОплата праці
_2UDC
999 _c298690
_d298690